000 00281nam a22001217a 4500
020 _a0-7214-2165-2
082 _a823
_bROS/F
100 _aROSS, MANDY
245 _aFIREMAN, FERGUS
_bLITTLE WORKMATES
260 _aLONDON
_bLADY BIRD
650 _aENGLISH SHORT STORY
_zUK
942 _cBK
999 _c2377
_d2377